Animal behaviour/ (Record no. 171130)

MARC details
000 -LEADER
fixed length control field 00586nam a22001937a 4500
005 - DATE AND TIME OF LATEST TRANSACTION
control field 20200107113418.0
010 ## - LCCN (DPL NO)
LC control number ENG-127320
020 ## - INTERNATIONAL STANDARD BOOK NUMBER
International Standard Book Number 9789386519207
Terms of availability 350.00
035 ## - SYSTEM CONTROL NUMBER
System control number EN-110852
037 ## - SOURCE OF ACQUISITION
Source of stock number/acquisition DBAD/PUB
082 ## - DEWEY DECIMAL CLASSIFICATION NUMBER
Classification number 591.5
100 ## - MAIN ENTRY--PERSONAL NAME
Personal name Natrajan,P.
245 ## - TITLE STATEMENT
Title Animal behaviour/
Statement of responsibility, etc by P.Natarajan [and]N.Arumugam
260 ## - PUBLICATION, DISTRIBUTION, ETC. (IMPRINT)
Place of publication, distribution, etc Kanyakumari
Name of publisher, distributor, etc Saras publication
Date of publication, distribution, etc 2018
270 ## - ADDRESS
Address 114/35G,A.R.P.Camp Road,Periavilai,Kottar P.O,Nagercoil
City Kanyakumari
Postal code 629002
300 ## - PHYSICAL DESCRIPTION
Extent 712p.
Dimensions 23cm(pbk)
500 ## - GENERAL NOTE
General note includes index.
942 ## - ADDED ENTRY ELEMENTS (KOHA)
Source of classification or shelving scheme Dewey Decimal Classification
Item type English Books
Call number suffix NAT
Classification part 591.5
Holdings
Withdrawn status Lost status Not for loan Collection code Home library Current library Date acquired Source of acquisition Cost, normal purchase price Full call number Barcode Copy number Cost, replacement price Koha item type
      Non-fiction Bawana Bawana 07/01/2020 DBAD/PUB 350.00 591.5 NAT EN-110852 1 350.00 English Books

© Delhi Public Library
Hit Counter
free hit counter